| 000 | 01034nac a22002771u 4500 | ||
|---|---|---|---|
| 010 | _a 98038573 | ||
| 020 | _a0814719023 | ||
| 020 | _a0814719031 | ||
| 022 | _a033367426x | ||
| 082 | 0 | 0 |
_a330.904 _bDAH. |
| 090 |
_c5263 _d5263 |
||
| 100 | _aDahms, Harry F.[ed.] | ||
| 245 | 0 | 0 |
_aTransformations of capitalism : _beconomy, society, and the state in modern times / _cedited by Harry F. Dahms. |
| 260 |
_aNew York : _bNew York University Press,c.2000. _cc.2000. |
||
| 300 |
_axii, 459 p. ; _c23 cm. |
||
| 440 | 0 | _aMain trends of the modern world | |
| 500 | _aDistributer :Al Ahram. | ||
| 504 | _aIncludes bibliographical references and indexes. | ||
| 511 | _aCatalogued By: Mahitab. | ||
| 650 | 0 |
_aEconomic history _y20th century. |
|
| 650 | 0 |
_aCapitalism _xHistory _y20th century. |
|
| 650 | 0 |
_aIndustrial policy _xHistory _y20th century. |
|
| 650 | 0 |
_aInternational economic relations _xHistory _y20th century. |
|
| 651 | 0 |
_aUnited States _xEconomic policy. |
|
| 942 |
_cBB _k330.904DAH. |
||
| 999 |
_c5263 _d5263 |
||